Statistiques concernant Top 10 des hommes les plus sexy en France

Cliquez ici pour prendre le quiz!

Statistiques générales

  • Ce quiz a été pris 184 fois
  • Le résultat moyen est 2 sur 10

Statistiques - réponses

HintHomme sexy% Correct
2footballeurAntoine Griezmann
87%
1acteurOmar Sy
38%
10athlèteKevin Mayer
29%
8acteurVincent Cassel,
26%
3skipperFrançois Gabart
11%
7acteurGaspard Ulliel
10%
5musicienJulien Doré
10%
9acteurLouis Garrel
6%
4acteurPio Marmaï
6%
6journalisteAntoine Genton
1%

Distribution des résultats

Percentile par nombre de réponses

% des personnes avec chaque résultat

Votre développement - résultats

Vous n’avez pas pris ce quiz